| 000 | 02268cad a22003495a 4500 | ||
|---|---|---|---|
| 001 | L146475 | ||
| 008 | 090123s2009 xxk v 000 0 eng d | ||
| 035 | _a(Sirsi) u146475 | ||
| 041 | 0 | _aeng | |
| 100 | 1 | _aBuckingham, Paul | |
| 245 | 0 | 4 |
_aThe effective use of experts and expert witnesses _h[electronic resource] |
| 260 |
_a[S.l.] _bMondaq _c2009 |
||
| 520 | _aSeeks to identify the main differences between the role played by construction professionals in dispute resolution. Describes the role of an expert in the process of expert determination, and then considers the role of expert witnesses in providing opinion evidence to help the tribunal reach its decision (whether by litigation or arbitration). Concludes that experts play an important part in the dispute resolution process and that when selecting and appointing an expert, parties should make sure they find someone with the relevant expertise and knowledge. | ||
| 590 | _aKA | ||
| 650 | 2 | 4 | _aACADEMY OF EXPERTS CODE OF PRACTICE (2005) |
| 650 | 2 | 4 | _aEPI ENVIRONMENTAL TECHNOLOGIES V SYMPHONY PLASTIC TECHNOLOGIES |
| 650 | 2 | 4 | _aGARETH PEARCE V OVE ARUP PARTNERSHIP LTD, MR KOOLHAAS, CITY OF ROTTERD |
| 650 | 2 | 4 | _aGREAT EASTERN HOTEL COMPANY LTD V JOHN LAING CONSTRUCTION LTD |
| 650 | 2 | 4 | _aLONDON UNDERGROUND LTD V KENCHINGTON FORD PLC (HARRIS & SUTHERLAND LTD, THIRD PARTY) |
| 650 | 2 | 4 | _aNATIONAL JUSTICE COMPANIA V PRUDENTIAL ASSURANCE CO LTD |
| 650 | 2 | 4 | _aOWEN PELL LTD V BINDI (LONDON) LTD |
| 650 | 2 | 4 | _aSKANSKA CONSTRUCTION UK LTD V EGGER (BARONY) LTD |
| 650 | 2 | 4 | _aSPE INTERNATIONAL V PROFESSIONAL PREPARATION CONTRACTORS (UK) LTD |
| 650 | 2 | 4 | _aSUDBROOK TRADING LTD V EGGLETON |
| 650 | 2 | 4 | _aTHE CIVIL JUSTICE COUNCIL PROTOCOL FOR THE INSTRUCTION OF EXPERTS TO GIVE EVIDENCE IN CIVIL CLAIMS (2005) |
| 650 | 2 | 4 | _aTHE INSTITUTION OF CHEMICAL ENGINEERS RULES FOR EXPERT DETERMINATION (2001) |
| 650 | 2 | 4 | _aURSA MAJOR MANAGEMENT LTD. V. UNITED UTILITIES ELECTRICITY PLC |
| 651 | 4 |
_aUnited Kingdom _y |
|
| 690 | _aMANAGEMENT-DISPUTE AVOIDANCE, MANAGEMENT AND RESOLUTION-DISPUTE MANAGEMENT AND RESOLUTION-EXPERT WITNESSES | ||
| 856 | 4 | 0 |
_uhttps://www.mondaq.com/article.asp?articleid=71864 _zView the article free of charge (after registration) at www.mondaq.com... |
| 942 | _n0 | ||
| 999 |
_c81160 _d81160 |
||